000 00649nam a2200253Ia 4500
005 20260306153922.0
008 008 260114s9999 xx 000 0 eng d
020 _a9780748643288
037 _aEBOOK
040 _aCRL
040 _beng
040 _cCRL
041 _2eng
041 _aeng
084 _qCRL
100 _aColman
_9922635
245 4 _aThe Foreign Policy of Lyndon B. Johnson 1st ed
260 _bEdinburgh University Press
260 _c2012
650 _aPolitical Science
856 _uhttps://www.cambridge.org/core/product/identifier/9780748643288/type/BOOK
942 _cEBOOK
999 _c1705427
_d1705427